All NCAA Division I College Towns (2025) - Statistics

General Stats
  • This quiz has been taken 367 times
  • The average score is 213 of 363
Answer Stats
Conference Team Answer % Correct
America East Albany Albany, NY
92%
American Rice Houston, TX
92%
Big 12 Houston Houston, TX
92%
Southland Houston Christian Houston, TX
92%
SWAC Texas Southern Houston, TX
92%
A-10 Loyola Chicago Chicago, IL
91%
Big East DePaul Chicago, IL
91%
Missouri Valley UI Chicago Chicago, IL
91%
NEC Chicago State Chicago, IL
91%
CAA Northeastern Boston, MA
90%
Patriot League Boston U Boston, MA
90%
American Charlotte Charlotte, NC
90%
ASUN Queens Charlotte, NC
90%
SWAC Jackson State Jackson, MS
90%
ACC Louisville Louisville, KY
90%
ASUN Bellarmine Louisville, KY
90%
Mountain West San Diego State San Diego, CA
90%
West Coast San Diego San Diego, CA
90%
American Memphis Memphis, TN
89%
American Tulane New Orleans, LA
89%
Southland New Orleans New Orleans, LA
89%
ACC Pittsburgh Pittsburgh, PA
89%
A-10 Duquesne Pittsburgh, PA
89%
SEC Texas Austin, TX
88%
American UAB Birmingham, AL
88%
Conference USA Jacksonville State Jacksonville, AL
88%
ASUN Jacksonville Jacksonville, FL
88%
ASUN North Florida Jacksonville, FL
88%
Conference USA FIU Miami, FL
88%
ASUN Lipscomb Nashville, TN
88%
Missouri Valley Belmont Nashville, TN
88%
Ohio Valley Tennessee State Nashville, TN
88%
SEC Vanderbilt Nashville, TN
88%
American Temple Philadelphia, PA
88%
A-10 La Salle Philadelphia, PA
88%
A-10 Saint Joseph's Philadelphia, PA
88%
Big East Villanova Philadelphia, PA
88%
Ivy League Penn Philadelphia, PA
88%
Big Sky Portland State Portland, OR
88%
West Coast Portland Portland, OR
88%
Big Ten Washington Seattle, WA
88%
West Coast Seattle Seattle, WA
88%
ACC Syracuse Syracuse, NY
88%
NEC Le Moyne Syracuse, NY
88%
ACC Georgia Tech Atlanta, GA
87%
Sun Belt Conference Georgia State Atlanta, GA
87%
Big East Xavier Cincinnati, OH
87%
Big 12 Cincinnati Cincinnati, OH
87%
Big Ten Ohio State Columbus, OH
86%
Big Ten UCLA Los Angeles, CA
86%
Big Ten USC Los Angeles, CA
86%
West Coast Loyola Marymount Los Angeles, CA
86%
Big East Marquette Milwaukee, WI
86%
Horizon League Milwaukee Milwaukee, WI
86%
Big East Creighton Omaha, NE
86%
The Summit Omaha Omaha, NE
86%
American UTSA San Antonio, TX
86%
Southland Incarnate Word San Antonio, TX
86%
ACC Florida State Tallahassee, FL
86%
SWAC Florida A&M Tallahassee, FL
86%
American Tulsa Tulsa, OK
86%
The Summit Oral Roberts Tulsa, OK
86%
MAC Akron Akron, OH
85%
Big Ten Michigan Ann Arbor, MI
85%
SEC LSU Baton Rouge, LA
85%
SWAC Southern Baton Rouge, LA
85%
MAAC Canisius Buffalo, NY
85%
MAC Buffalo Buffalo, NY
85%
Ohio Valley Eastern Illinois Charleston, IL
85%
CAA College of Charleston Charleston, SC
85%
Southern Citadel Charleston, SC
85%
SEC Florida Gainesville, FL
85%
Big East Butler Indianapolis, IN
85%
Horizon League IU Indy Indianapolis, IN
85%
Big West UC Irvine Irvine, CA
85%
Ohio Valley Little Rock Little Rock, AR
85%
Big Ten Wisconsin Madison, WI
85%
Big West UC Riverside Riverside, CA
85%
WAC Cal Baptist Riverside, CA
85%
Big West UC Santa Barbara Santa Barbara, CA
85%
A-10 George Washington Washington, DC
85%
Big East Georgetown Washington, DC
85%
MEAC Howard Washington, DC
85%
Patriot League American Washington, DC
85%
SEC Auburn Auburn, AL
84%
Big West CSU Bakersfield Bakersfield, CA
84%
Mountain West Boise State Boise, ID
84%
Big West UC Davis Davis, CA
84%
Big West Hawaii Honolulu, HI
84%
Big East Providence Providence, RI
84%
Ivy League Brown Providence, RI
84%
ACC Notre Dame South Bend, IN
84%
ACC North Carolina Chapel Hill, NC
83%
ACC Clemson Clemson, SC
83%
Big Ten Nebraska Lincoln, NE
83%
Big East St. John's New York, NY
83%
Ivy League Columbia New York, NY
83%
ASUN Eastern Kentucky Richmond, KY
83%
A-10 Richmond Richmond, VA
83%
A-10 VCU Richmond, VA
83%
SEC Georgia Athens, GA
82%
MAC Ohio Athens, OH
82%
Big 12 Colorado Boulder, CO
82%
SEC Missouri Columbia, MO
82%
SEC South Carolina Columbia, SC
82%
The Summit Denver Denver, CO
82%
Conference USA UTEP El Paso, TX
82%
Big West CSU Fullerton Fullerton, CA
82%
A-10 Saint Louis St. Louis, MO
82%
MAC Toledo Toledo, OH
82%
SEC Alabama Tuscaloosa, AL
82%
American Wichita State Wichita, KS
82%
Horizon League Cleveland State Cleveland, OH
81%
A-10 Dayton Dayton, OH
81%
Horizon League Wright State Dayton, OH
81%
Big Ten Oregon Eugene, OR
81%
SEC Tennessee Knoxville, TN
81%
Big Ten Minnesota Minneapolis, MN
81%
Big West CSU Northridge Northridge, CA
81%
Southern Chattanooga Chattanooga, TN
80%
America East UMass Lowell Lowell, MA
80%
Big South UNC Asheville Asheville, NC
79%
MEAC Coppin State Baltimore, MD
79%
MEAC Morgan State Baltimore, MD
79%
Patriot League Loyola Maryland Baltimore, MD
79%
Big Ten Indiana Bloomington, IN
79%
Conference USA Western Kentucky Bowling Green, KY
79%
MAC Bowling Green Bowling Green, OH
79%
SEC Texas A&M College Station, TX
79%
Horizon League Detroit Mercy Detroit, MI
79%
ACC Duke Durham, NC
79%
MEAC NC Central Durham, NC
79%
America East New Hampshire Durham, NH
79%
Big Ten Iowa Iowa City, IA
79%
The Summit Kansas City Kansas City, MO
79%
Big 12 Kansas State Manhattan, KS
79%
Big 12 UCF Orlando, FL
79%
West Coast San Francisco San Francisco, CA
79%
Mountain West San Jose State San Jose, CA
79%
Big 12 Baylor Waco, TX
79%
CAA North Carolina A&T Greensboro, NC
78%
Southern UNC Greensboro Greensboro, NC
78%
Big West Long Beach State Long Beach, CA
78%
ACC North Carolina State Raleigh, NC
78%
Big 12 Utah Salt Lake City, UT
78%
CAA UNC Wilmington Wilmington, NC
78%
Horizon League Green Bay Green Bay, WI
77%
SEC Kentucky Lexington, KY
77%
Southern VMI Lexington, VA
77%
Big 12 BYU Provo, UT
77%
Big Ten Michigan State East Lansing, MI
76%
SEC Arkansas Fayetteville, AR
76%
Horizon League Purdue Fort Wayne Fort Wayne, IN
76%
Big 12 TCU Fort Worth, TX
76%
Mountain West Fresno State Fresno, CA
76%
Ivy League Yale New Haven, CT
76%
SEC Oklahoma Norman, OK
76%
SEC Ole Miss Oxford, MS
76%
MAC Miami (OH) Oxford, OH
76%
Big Sky Sacramento State Sacramento, CA
76%
West Coast Santa Clara Santa Clara, CA
76%
American South Florida Tampa, FL
76%
WAC UT Arlington Arlington, TX
75%
Big 12 Arizona State Tempe, AZ
75%
MAC Kent State Kent, OH
74%
Big 12 Iowa State Ames, IA
73%
Patriot League Navy Annapolis, MD
73%
ACC California Berkeley, CA
73%
Sun Belt Conference Louisiana Lafayette, LA
73%
Big Ten Penn State State College, PA
72%
Big 12 Arizona Tucson, AZ
72%
Patriot League Army West Point, NY
72%
Horizon League Youngstown State Youngstown, OH
72%
America East Binghamton Binghamton, NY
71%
ACC Virginia Tech Blacksburg, VA
71%
Missouri Valley Evansville Evansville, IN
71%
Ohio Valley Southern Indiana Evansville, IN
71%
Sun Belt Conference Louisiana-Monroe Monroe, LA
71%
Sun Belt Conference Troy Troy, AL
71%
Big Ten Illinois Champaign, IL
70%
Big Ten Maryland College Park, MD
70%
Southland Texas A&M - Corpus Christi Corpus Christi, TX
70%
Ohio Valley SIU Edwardsville Edwardsville, IL
70%
Conference USA Kennesaw State Kennesaw, GA
70%
Big 12 Texas Tech Lubbock, TX
70%
Ohio Valley UT Martin Martin, TN
70%
Big 12 West Virginia Morgantown, WV
70%
Mountain West Nevada Reno, NV
70%
ACC Virginia Charlottesville, VA
69%
Big 12 Kansas Lawrence, KS
69%
Mountain West New Mexico Albuquerque, NM
67%
Big Ten Purdue West Lafayette, IN
67%
ACC Wake Forest Winston-Salem, NC
67%
ACC Miami (FL) Coral Gables, FL
65%
Big Ten Northwestern Evanston, IL
65%
Mountain West Grand Canyon Phoenix, AZ
65%
West Coast Gonzaga Spokane, WA
65%
MAAC Fairfield Fairfield, CT
64%
MAAC Sacred Heart Fairfield, CT
64%
SWAC Arkansas-Pine Bluff Pine Bluff, AR
64%
Ivy League Princeton Princeton, NJ
64%
Mountain West Air Force Colorado Springs, CO
63%
CAA Hampton Hampton, VA
63%
Conference USA Delaware Newark, DE
63%
America East NJIT Newark, NJ
63%
ACC Stanford Palo Alto, CA
63%
Big 12 Oklahoma State Stillwater, OK
63%
Ivy League Harvard Cambridge, MA
62%
Missouri Valley Drake Des Moines, IA
62%
Mountain West Colorado State Fort Collins, CO
62%
MEAC Norfolk State Norfolk, VA
62%
Sun Belt Conference Old Dominion Norfolk, VA
62%
The Summit North Dakota State Fargo, ND
60%
MAC Massachusetts Amherst, MA
59%
A-10 Davidson Davidson, NC
59%
SEC Mississippi State Starkville, MS
59%
CAA Towson Towson, MD
59%
Big Sky Northern Arizona Flagstaff, AZ
58%
Sun Belt Conference South Alabama Mobile, AL
58%
West Coast Oregon State Corvallis, OR
57%
American East Carolina Greenville, NC
57%
Southern Furman Greenville, SC
57%
American FAU Boca Raton, FL
56%
West Coast Washington State Pullman, WA
56%
WAC Abilene Christian Abilene, TX
55%
MEAC Delaware State Dover, DE
55%
MAC Western Michigan Kalamazoo, MI
55%
CAA Elon Elon, NC
54%
Big South High Point High Point, NC
54%
Ivy League Cornell Ithaca, NY
54%
Big East UConn Storrs, CT
54%
America East Vermont Burlington, VT
53%
Sun Belt Conference Appalachian State Boone, NC
52%
Mountain West Wyoming Laramie, WY
52%
Conference USA Missouri State Springfield, MO
52%
Big Sky Montana State Bozeman, MT
51%
American North Texas Denton, TX
50%
Big Sky Montana Missoula, MT
50%
Ohio Valley Morehead State Morehead, KY
50%
Missouri Valley Murray State Murray, KY
49%
The Summit St. Thomas St. Paul, MN
49%
Missouri Valley Valparaiso Valparaiso, IN
49%
ACC Boston College Chestnut Hill, MA
48%
CAA Stony Brook Stony Brook, NY
48%
Conference USA New Mexico State Las Cruces, NM
46%
Big Sky Idaho Moscow, ID
46%
SWAC Alabama State Montgomery, AL
45%
MAC Eastern Michigan Ypsilanti, MI
45%
ASUN Central Arkansas Conway, AR
44%
Sun Belt Conference Coastal Carolina Conway, SC
44%
Sun Belt Conference Marshall Huntington, WV
44%
Conference USA Liberty Lynchburg, VA
44%
West Coast Pepperdine Malibu, CA
44%
MAC Ball State Muncie, IN
44%
Big South Radford Radford, VA
44%
A-10 Fordham Bronx, NY
43%
SWAC Grambling State Grambling, LA
40%
Mountain West Utah State Logan, UT
40%
Conference USA Middle Tennessee State Murfreesboro, TN
40%
Sun Belt Conference Southern Miss Hattiesburg, MS
39%
Conference USA Sam Houston State Huntsville, TX
39%
NEC Long Island Brooklyn, NY
36%
ASUN Florida Gulf Coast Fort Myers, FL
35%
MAAC St. Peter's Jersey City, NJ
35%
Southern Mercer Macon, GA
35%
Missouri Valley Indiana State Terre Haute, IN
35%
SWAC Prairie View A&M Prairie View, TX
34%
Big West Cal Poly San Luis Obispo, CA
34%
CAA William & Mary Williamsburg, VA
34%
Sun Belt Conference James Madison Harrisonburg, VA
33%
Big Ten Rutgers Piscataway, NJ
33%
MAC Northern Illinois DeKalb, IL
32%
Sun Belt Conference Arkansas State Jonesboro, AR
32%
Big Sky Weber State Ogden, UT
32%
America East Maine Orono, ME
31%
Big Sky Idaho State Pocatello, ID
31%
Missouri Valley Bradley Peoria, IL
30%
ACC SMU University Park, TX
30%
Ivy League Dartmouth Hanover, NH
29%
MAC Central Michigan Mount Pleasant, MI
29%
SWAC Alabama A&M Normal, AL
29%
Missouri Valley Illinois State Normal, IL
29%
Mountain West UNLV Paradise, NV
29%
Conference USA Louisiana Tech Ruston, LA
29%
Sun Belt Conference Georgia Southern Statesboro, GA
29%
The Summit North Dakota Grand Forks, ND
28%
WAC Utah Tech St. George, UT
28%
Horizon League Oakland Rochester, MI
27%
Big South USC Upstate Spartanburg, SC
27%
Southern Wofford Spartanburg, SC
27%
Sun Belt Conference Texas State San Marcos, TX
26%
Southern ETSU Johnson City, TN
25%
WAC Utah Valley Orem, UT
25%
Missouri Valley Southern Illinois Carbondale, IL
24%
NEC Wagner Staten Island, NY
24%
A-10 St. Bonaventure St. Bonaventure, NY
24%
A-10 George Mason Fairfax, VA
23%
Patriot League Holy Cross Worcester, MA
23%
Big Sky Northern Colorado Greeley, CO
22%
Southland McNeese State Lake Charles, LA
22%
Big South Charleston Southern North Charleston, SC
21%
Big East Seton Hall South Orange, NJ
21%
Patriot League Lehigh Bethlehem, PA
20%
Ohio Valley Southeast Missouri Cape Girardeau, MO
20%
ASUN Austin Peay Clarksville, TN
20%
SWAC Bethune-Cookman Daytona Beach, FL
20%
A-10 Rhode Island Kingston, RI
20%
West Coast Pacific Stockton, CA
20%
The Summit South Dakota State Brookings, SD
19%
ASUN North Alabama Florence, AL
18%
Big West UC San Diego La Jolla, CA
18%
MAAC Marist Poughkeepsie, NY
18%
Big South Winthrop Rock Hill, SC
18%
Missouri Valley Northern Iowa Cedar Falls, IA
17%
The Summit South Dakota Vermillion, SD
17%
Southland East Texas A&M Commerce, TX
16%
MAAC Iona New Rochelle, NY
16%
Patriot League Colgate Hamilton, NY
15%
CAA Hofstra Hempstead, NY
15%
Ohio Valley Lindenwood St. Charles, MO
15%
Southland Lamar Beaumont, TX
14%
NEC Stonehill Easton, MA
14%
Patriot League Lafayette Easton, PA
14%
SWAC Mississippi Valley State Itta Bena, MS
14%
Horizon League Robert Morris Moon, PA
14%
ASUN Stetson DeLand, FL
13%
Patriot League Bucknell Lewisburg, PA
13%
America East Bryant Smithfield, RI
13%
CAA Campbell Buies Creek, NC
12%
MAAC Niagara Lewiston, NY
12%
West Coast Saint Mary's Moraga, CA
12%
Southland Stephen F. Austin Nacogdoches, TX
12%
WAC Southern Utah Cedar City, UT
11%
Big Sky Eastern Washington Cheney, WA
11%
Big South Presbyterian Clinton, SC
11%
Ohio Valley Tennessee Tech Cookeville, TN
11%
Southland UT Rio Grande Valley Edinburg, TX
11%
Ohio Valley Western Illinois Macomb, IL
11%
MEAC South Carolina State Orangeburg, SC
11%
Big South Longwood Farmville, VA
9%
Southland SE Louisiana Hammond, LA
9%
MEAC Maryland Eastern Shore Princess Anne, MD
9%
NEC New Haven West Haven, CT
9%
CAA Monmouth West Long Branch, NJ
9%
ASUN West Georgia Carrollton, GA
8%
MAAC Quinnipiac Hamden, CT
8%
Horizon League Northern Kentucky Highland Heights, KY
8%
Southland Northwestern State Natchitoches, LA
8%
NEC Central Connecticut New Britain, CT
8%
Southern Samford Homewood, AL
7%
MAAC Merrimack North Andover, MA
7%
Big South Gardner-Webb Boiling Springs, NC
6%
MAAC Mount St. Mary's Emmitsburg, MD
6%
MAAC Rider Lawrenceville, NJ
6%
WAC Tarleton State Stephenville, TX
6%
Southland Nicholls State Thibodaux, LA
6%
America East UMBC Catonsville, MD
5%
Southern Western Carolina Cullowhee, NC
5%
NEC Fairleigh Dickinson Hackensack, NJ
4%
NEC Saint Francis (PA) Loretto, PA
4%
SWAC Alcorn State Lorman, MS
4%
MAAC Siena Loudonville, NY
4%
MAAC Manhattan Riverdale, NY
3%
No matching quizzes found
Score Distribution
Percent of People with Each Score
Percentile by Number Answered
Your Score History
You have not taken this quiz